El agujero negro / (Registro nro. 4070)
[ vista simple ]
| 000 -LEADER | |
|---|---|
| fixed length control field | 01075nam a2200253Ia 4500 |
| 003 - CONTROL NUMBER IDENTIFIER | |
| control field | OSt |
| 005 - DATE AND TIME OF LATEST TRANSACTION | |
| control field | 20200511123835.0 |
| 008 - FIXED-LENGTH DATA ELEMENTS--GENERAL INFORMATION | |
| fixed length control field | 191128s1998 ck a br 000 j spa d |
| 020 ## - INTERNATIONAL STANDARD BOOK NUMBER | |
| International Standard Book Number | 9583800732 |
| 040 ## - CATALOGING SOURCE | |
| Original cataloging agency | CO-JMCR |
| Transcribing agency | CO-JMCR |
| 041 0# - LANGUAGE CODE | |
| Language code of text/sound track or separate title | spa |
| 082 04 - DEWEY DECIMAL CLASSIFICATION NUMBER | |
| Classification number | C / |
| Item number | MOLa |
| 100 1# - MAIN ENTRY--PERSONAL NAME | |
| Personal name | Molina, Alicia, |
| Dates associated with a name | 1945 |
| Relator term | autora |
| 9 (RLIN) | 4177 |
| 245 13 - TITLE STATEMENT | |
| Title | El agujero negro / |
| Statement of responsibility, etc. | Alicia Molina ; ilustraciones Enrique Martínez |
| 250 ## - EDITION STATEMENT | |
| Edition statement | Segunda edición |
| 260 ## - PUBLICATION, DISTRIBUTION, ETC. | |
| Place of publication, distribution, etc. | Bogotá : |
| Name of publisher, distributor, etc. | Fondo de Cultura Económica ; |
| Date of publication, distribution, etc. | 1998 |
| 300 ## - PHYSICAL DESCRIPTION | |
| Extent | 47 páginas : |
| Other physical details | ilustraciones en blanco y negro ; |
| Dimensions | 19 cm. |
| 490 ## - SERIES STATEMENT | |
| Series statement | A la orilla del viento. Para los que empiezan a leer ; 5 |
| 520 ## - SUMMARY, ETC. | |
| Summary, etc. | Camila tenía un pequeo problema. "Si me siento debajo de la escalera y pienso, lo puedo resolver en un ratito". Se acomodó debajo de la escalera que daba al jardín pensó un ratito y otro más. Entonces se dio cuenta de que entre más pensaba. |
| 521 ## - TARGET AUDIENCE NOTE | |
| Target audience note | Recomendado a partir de los 8 años. |
| 650 ## - SUBJECT ADDED ENTRY--TOPICAL TERM | |
| Topical term or geographic name entry element | Cuento infantil |
| 9 (RLIN) | 4178 |
| 700 ## - ADDED ENTRY--PERSONAL NAME | |
| Personal name | Martínes, Enrique, |
| Relator term | ilustrador |
| 9 (RLIN) | 4179 |
| 942 ## - ADDED ENTRY ELEMENTS (KOHA) | |
| Source of classification or shelving scheme | Dewey Decimal Classification |
| Koha item type | Books |
| Withdrawn status | Lost status | Source of classification or shelving scheme | Damaged status | Not for loan | Collection code | Home library | Current library | Date acquired | Source of acquisition | Cost, normal purchase price | Total Checkouts | Full call number | Barcode | Date last seen | Date last checked out | Copy number | Koha item type |
|---|---|---|---|---|---|---|---|---|---|---|---|---|---|---|---|---|---|
| Dewey Decimal Classification | Fiction | Biblioteca Pública José María del Castillo y Rada | Biblioteca Pública José María del Castillo y Rada | 11/28/2019 | Donación | 0.00 | 2 | C / MOLa | 201808868 | 11/24/2025 | 11/24/2025 | Ej.1 | Books |